Psychológia práce a trhu pre stredné odborné školy

Bibliographic Details
Main Authors: Kačáni, Ladislav, 1931-2018 (Author), Hauser, Július, 1953- (Author), Smetanová, Zuzana (Author), Križanová, Mária (Author)
Format: Book
Language:Slovak
PhysicalDescription:117 s. grafy, ilustr., tab. 24 cm
Published: Bratislava Slovenské pedagogické nakladateľstvo - Mladé letá 2013
ISBN:9788010025183 (brož.)
Edition:3. vyd.
Subjects:

MARC

LEADER 00000cam a2200000 a 4500
001 vtls010559859
003 SK-MaSNL
005 20260301034352.0
008 160610s2013 xo da d 000 0 slo
015 |a SNBA2014/01 
020 |a 9788010025183 (brož.) 
035 |a E92F1446-0F49-4DA2-8102-0AE0BF998CC5 
035 |a urn:nbn:sk:snk-amkzoz 
035 |a urn:nbn:sk:snk-am008otg 
040 |a SNK  |b slo  |c SNK  |e AACR2 
041 0 |a slo 
044 |a xo  |c SK 
072 7 |a 159.9  |x Psychológia  |2 konspekt 
080 |a 159.9  |2 2001 
080 |a 159.923  |2 2001 
080 |a 316.772.4  |2 2001 
080 |a (075.3)  |2 2001 
080 |a 339.13  |2 2001 
080 |a 331.101.3  |2 2001 
245 0 0 |a Psychológia práce a trhu  |b pre stredné odborné školy  |c Vladislav Kačáni ... [et al.] 
250 |a 3. vyd. 
260 |a Bratislava  |b Slovenské pedagogické nakladateľstvo - Mladé letá  |c 2013 
300 |a 117 s.  |b grafy, ilustr., tab.  |c 24 cm 
650 0 7 |a psychológia  |2 SNKPH  |9 807 
650 0 7 |a Psychology  |2 SNKPHeng  |9 265291 
650 0 7 |a psychológia osobnosti  |2 SNKPH  |9 3576 
650 0 7 |a Psychology of personality  |2 SNKPHeng  |9 317296 
650 0 7 |a interpersonálna komunikácia  |2 SNKPH  |9 2690 
650 0 7 |a Interpersonal communication  |2 SNKPHeng  |9 306572 
650 0 7 |a psychológia práce  |2 SNKPH  |9 2347 
650 0 7 |a Psychology of work  |2 SNKPHeng  |9 317579 
650 0 7 |a trhy  |x psychologické aspekty  |2 SNKPH  |9 335123 
650 0 7 |a Markets  |x psychological aspects  |2 SNKPHeng  |9 335124 
655 7 |a učebnice stredných škôl  |2 SNKPH  |9 69323 
655 7 |a Textbooks (secondary)  |2 SNKPHeng  |9 276359 
700 1 |a Kačáni, Ladislav,  |d 1931-2018  |4 aut  |9 132972 
700 1 |a Hauser, Július,  |d 1953-  |4 aut  |9 214064 
700 1 |a Smetanová, Zuzana  |4 aut  |9 335125 
700 1 |a Križanová, Mária  |4 aut  |9 335126 
852 |a Štátna vedecká knižnica v Banskej Bystrici 
919 |a 978-80-10-02518-3 
999 |c 581749  |d 583679 
952 |a SNK  |b SNK  |y PREZ  |7 0  |p 17A1093725  |o snkSC 157276  |i snk2013/30118  |8 0  |0 0  |1 0  |4 0  |d 2013-12-09  |f 1  |l 0  |r 2025-08-19 00:00:00  |w 2026-02-23 
952 |a SNK  |b SNK  |y VYP  |7 0  |p 17A1093726  |o snkSC 157276 D1  |i snk2013/30119  |8 0  |0 0  |1 0  |4 0  |d 2013-12-09  |l 0  |r 2026-02-23 14:55:02  |w 2026-02-23